000 00792nam a2200193Ia 4500
008 151121s9999||||xx |||||||||||||| ||und||
082 _a491।2/देशपां
082 _bHNW-69086
100 _aदेशपांडे माधव मुरलीधर
245 _aसंस्कृत आणि प्राकृत भाषा
260 _b"शुभदा प्रकाशन, पुणे।"
260 _c--
300 _a319
600 _aदेशपांडे माधव मुरलीधर
630 _aसंस्कृत आणि प्राकृत भाषा
700 _aदेशपांडे माधव मुरलीधर
730 _aसंस्कृत आणि प्राकृत भाषा
942 _cBOOK
999 _c1250574
_d1250571